000 00601cam a22002177a 4500
001 000338
003 armpunfd
005 20140612090607.0
008 011019e1987####xx#a##########000#0#und#d
040 _aarmpunfd
_carmpunfd
080 _a347.637 B 654
100 1 0 _a Bossert, Gustavo A.
245 1 0 _aRegimen legal de filiacion y patria potestad: ley 23.264
260 _a Buenos Aires
_b Astrea
_c1987
300 _a438 p.
650 7 _a Derecho De Familia
_2LEMB
650 7 _a Patria Potestad
_2LEMB
700 1 0 _aZannoni, Eduardo A.
942 _cLB
_2cdu
945 _aCatalis
_d2010-08-19
999 _c336
_d230840